| Поле | Название | Значение |
| |
Тип записи |
a |
| |
Библиографический уровень |
a |
| 001 |
Контрольный номер |
RU/УОНБ/EK_Kray/558725808 |
| 005 |
Дата корректировки |
20240131004853.0 |
| 100 |
Данные общей обработки |
__ |
| a |
Данные общей обработки |
20170914d2017 ||| 0rusy0189 ca |
| 101 |
Язык документа |
0_ |
| a |
Язык текста |
rus |
| 102 |
Страна публикации |
__ |
| a |
Страна публикации |
RU |
| 105 |
Кодированные данные (монография) |
__ |
| a |
Кодированные данные (монография) |
y###||||000|y |
| 200 |
Заглавие и сведения об ответственности |
1_ |
| a |
Заглавие |
Сегодня провожаем личность |
| f |
Первые сведения об ответственности |
Максим Скворцов |
| 215 |
Физическое описание |
__ |
| c |
Иллюстрации/тип воспроизводства |
1 фот. |
| 225 |
Серия |
1_ |
| a |
Серия |
Спорт |
| 330 |
Аннотация |
__ |
| a |
Аннотация |
В ночь на 15 июня на 80 году ушёл из жизни великий тренер по борьбе Анатолий Иванович Винник. |
| 461 |
Уровень набора |
_0 |
| 1 |
|
2000 |
| a |
|
Ульяновская правда |
| 1 |
|
011 |
| 463 |
Уровень физической единицы |
_0 |
| 1 |
|
001RU/УОНБ/EK_Kray/558720970 |
| 1 |
|
2000 |
| a |
|
16 июня |
| v |
|
С. 14-15 |
| 1 |
|
210 |
| d |
|
2017 |
| 600 |
Персоналии |
_1 |
| a |
Персоналии (Фамилия) |
Винник, Анатолий Иванович |
| 610 |
Ключевые слова |
0_ |
| a |
Ключевые слова |
греко-римская борьба |
| 686 |
Индексы других классификаций |
__ |
| 2 |
Код системы |
rubbk |
| 700 |
Автор |
_1 |
| a |
Фамилия |
Скворцов |
| b |
Имя (инициалы) |
М. |
| g |
Полное личное имя |
Максим |
| 4 |
Код отношения |
070 |
| 801 |
Источник записи |
_0 |
| a |
Страна |
RU |
| b |
Организация |
Ульяновская ОНБ |
| c |
Дата составления |
20170914 |
| g |
Правила каталогизации |
RCR |
| 801 |
Источник записи |
_1 |
| a |
Страна |
RU |
| b |
Организация |
Ульяновская ОНБ |
| c |
Дата составления |
20170914 |
| g |
Правила каталогизации |
RCR |
| 901 |
Тип документа |
__ |
| t |
Тип документа |
b |
| w |
Контрольный № источника |
RU/УОНБ/EK_Kray/558720970 |
| 909 |
Создатель записи |
__ |
| a |
Создатель записи |
Пазекова |
| 938 |
Служебная информация |
__ |
| a |
Имя БД |
kraeved_work |
| b |
Имя библиотеки |
УОНБ |
| c |
Имя АИБС |
МАРК-SQL |
| d |
Номер DOC_ID в БД |
129384 |